Predĺženie doby ochrany práv výkonných umelcov a výrobcov zvukových záznamov
Smernic o predĺžení doby ochrany. Doba ochrany práv. Povinnosť výrobcov zvukových záznamov odvádzať 20 % príjmov. Hudobné kompozície s textom.
Saved in:
| Main Author: | |
|---|---|
| Format: | Book Chapter |
| Language: | Slovak |
| Subjects: | |
| Tags: |
No Tags, Be the first to tag this record!
|
MARC
| LEADER | 00000naa$a2200000$$$4500 | ||
|---|---|---|---|
| 001 | 0092949 | ||
| 005 | 20220729104051.3 | ||
| 041 | 0 | |a slo | |
| 044 | |a SK | ||
| 245 | 1 | 0 | |a Predĺženie doby ochrany práv výkonných umelcov a výrobcov zvukových záznamov |c Zuzana Adamová |
| 520 | |a Smernic o predĺžení doby ochrany. Doba ochrany práv. Povinnosť výrobcov zvukových záznamov odvádzať 20 % príjmov. Hudobné kompozície s textom. | ||
| 610 | 2 | 0 | |a ochrana autorstva |
| 610 | 2 | 0 | |a umelci |
| 610 | 2 | 0 | |a príjmy |
| 610 | 2 | 0 | |a právo autorské |
| 610 | 2 | 0 | |a hudba |
| 100 | 1 | |a Adamová, Zuzana | |